Music Quiz

Random Music Quiz

American Idol Best-Selling Singles Quiz Stats

 Plays Quiz not verified by Sporcle

Challenge
Share
Tweet
Score 0/38 Timer 05:00
0 Plays Today
% Correct
Kelly Clarkson
89%
Carrie Underwood
85.4%
Adam Lambert
84.1%
Jordin Sparks
81.7%
Phillip Phillips
78%
Kris Allen
74.4%
Taylor Hicks
72%
Ruben Studdard
68.3%
Chris Daughtry
68.3%
David Archuleta
67.1%
Fantasia Barrino
65.9%
David Cook
63.4%
Scotty McCreery
63.4%
Lauren Alaina
63.4%
Bo Bice
61%
Clay Aiken
58.5%
Blake Lewis
52.4%
Jason Castro
52.4%
Lee DeWyze
50%
% Correct
Elliott Yamin
47.6%
Kimberly Locke
43.9%
Jennifer Hudson
40.2%
Katharine McPhee
37.8%
Kellie Pickler
35.4%
Allison Iraheta
35.4%
Pia Toscano
32.9%
Mario Vazquez
32.9%
Kristy Lee Cook
31.7%
Danny Gokey
31.7%
Crystal Bowersox
31.7%
Haley Reinhart
28%
Diana DeGarmo
26.8%
Colton Dixon
24.4%
Josh Gracin
24.4%
Casey James
22%
Bucky Covington
17.1%
Chris Medina
15.9%
Mandisa
12.2%

You're not logged in!

Compare scores with friends on all Sporcle quizzes.
OR
Log In

You Might Also Like...

Show Comments

Extras

Top Quizzes Today


Score Distribution

Your Account Isn't Verified!

In order to create a playlist on Sporcle, you need to verify the email address you used during registration. Go to your Sporcle Settings to finish the process.

Report this User

Report this user for behavior that violates our Community Guidelines.

Details: